|
|
|
|
| LEADER |
00000cam a2200000 7i4500 |
| 001 |
0000011968 |
| 005 |
20241018.0 |
| 008 |
240816 nyua eng |
| 020 |
|
|
|a 027363979x (pbk)
|
| 040 |
|
|
|a INS
|b eng
|e rda
|
| 090 |
0 |
0 |
|a HG4028.V3
|b .B198 2001
|
| 100 |
1 |
|
|a Barker, Richard ,
|e author
|
| 245 |
1 |
0 |
|a Determining value :
|b valuation models and financial statements
|c Richard Barker
|
| 264 |
|
1 |
|a New York :
|b Pearson Education
|c 2001
|
| 264 |
|
4 |
|c ©2001
|
| 300 |
|
|
|a xi, 228 pages :
|b illustrations ;
|c 25 cm.
|
| 336 |
|
|
|a text
|2 rdacontent
|
| 337 |
|
|
|a unmediated
|2 rdamedia
|
| 338 |
|
|
|a volume
|2 rdacarrier
|
| 500 |
|
|
|a Includes index
|
| 650 |
|
0 |
|a Dividents
|
| 650 |
|
0 |
|a Securities
|x prices
|
| 999 |
|
|
|a 0000009570
|b BOOK
|c Open Shelf
|e Default branch
|